00809nam a2200241Ia 450000500170000000800410001702000160005804000190007404100120009308200150010524500880012026000340020830000420024250400570028463000200034165000290036165100180039070000250040885000100043394200070044399900160045095201010046620220620105155.0131103s9999 xx 000 0 und d a086531237 0 aLoreto College aEnglish a304.2bNOB aIndia bCultural Patterns and processes cedited by Allen G.Noble and Ashok K. Dutt aBoulderbWestview Pressc1982 axv, 378 p.b ill., fig., photos, maps aIncludes bibliographical references, index and notes aIndia - Culture aCulture and institutions aCulture/India 4ed.aNoble, Allen G. aLCLIB cBK c2657d53136 00102ddc4070aMAINbMAINd2013-11-04l0o304.2 NOB 37974pB2517r2013-11-04w2013-11-04yBKf